Представление документа в формате RUSMARC

ПолеНазваниеЗначение
  Тип записи a
  Библиографический уровень m
001 Контрольный номер RU/УОНБ/EK/525191947
005 Дата корректировки 20240131005808.3
010 Индекс ISBN __
a ISBN 978-5-367-02800-3
d Цена 70 р.
9 Тираж 33134 экз.
b Уточнения в пер.
100 Данные общей обработки __
a Данные общей обработки 20160822d2014 u u0rusy0189||||ca
101 Язык документа 0_
a Язык текста rus
102 Страна публикации __
a Страна публикации RU
105 Кодированные данные (монография) __
a Кодированные данные (монография) y z 000ay
200 Заглавие и сведения об ответственности 1_
a Заглавие Путешествие в Атлантиду
e Сведения, относящиеся к заглавию по следам золотой легенды
f Первые сведения об ответственности Е. Парнов
210 Выходные данные 1_
a Место издания СПб.
c Издательство Амфора
d Дата издания 2014
215 Физическое описание __
a Объем 381, [2] с.
d Формат 21 см
225 Серия 1_
a Серия Тайны истории
v Обозначение тома № 7
606 Тематические рубрики 0_
a Основная рубрика Исторические романы и рассказы (х. л.)
610 Ключевые слова 0_
a Ключевые слова романы исторические
686 Индексы других классификаций __
a Классификационный индекс 84Р2-42
2 Код системы rubbk
700 Автор _1
a Фамилия Парнов
b Имя (инициалы) Е.И.
g Полное личное имя Еремей Иудович
801 Источник записи _0
a Страна RU
b Организация Ульяновская ОНБ
c Дата составления 20160822
g Правила каталогизации RCR
801 Источник записи _1
a Страна RU
b Организация Ульяновская ОНБ
c Дата составления 20160822
g Правила каталогизации RCR
901 Тип документа __
t Тип документа m
909 Создатель записи __
a Создатель записи Горбункова
b Дата создания записи 20161128
938 Служебная информация __
a Имя БД books
b Имя библиотеки УОНБ
c Имя АИБС МАРК-SQL
d Номер DOC_ID в БД 325466